000 00695nam a2200229Ia 4500
003 OSt
005 20220923224941.0
006 a|||||r|||| 00| 0
007 ta
008 220922b |||||||| |||| 00| 0 hin d
024 _a254,164
037 _cTextual
040 _aARTS
_cARTS
_bhin
041 _2hin
_ahin
082 _aO152,1N08:g, M9
100 _aपद्यावती, एस के
245 0 _aदिनकर
_b व्यक्तित्व एवं कृतित्व
246 _aDinakara: vyaktitva evan kṛutitva
260 _c1989
942 _hO152,1N08:g, M9
_cTEXL
_2CC
999 _c374913
_d374913